Herederos del dragón: historia de la comunidad China en el Perú

Salvato in:
Dettagli Bibliografici
Autore principale: Rodríguez Pastor, Humberto (Autore)
Natura: Libro
Lingua:spagnolo
Pubblicazione: Lima Congreso del Perú 2000
Soggetti:
Tags: Aggiungi Tag
Nessun Tag, puoi essere il primo ad aggiungerne!!

MARC

LEADER 00000nam a2200000 a 4500
001 UCL3546
003 CL-VaPUC
008 031128e20000000PE |||||||||||||||||spa|d
020 |a 9972755541 
082 0 4 |a 304.885051  |b ROD  |2 21 
100 0 |a Rodríguez Pastor, Humberto  |e author  |9 480863 
245 1 0 |a Herederos del dragón: historia de la comunidad China en el Perú 
300 |a 522 p 
942 |c BK 
945 |d 20031128 00:00:00  |a cmena 
260 |a Lima  |b Congreso del Perú  |c 2000 
650 0 |a Inmigración  |9 268290 
650 7 |a CHINOS  |2 CL-VaPUC  |9 323565 
650 0 |a Aspectos sociales  |9 254894 
650 0 |a Aspectos económicos  |9 255165 
650 0 |a Costumbres y tradiciones   |9 268292 
651 0 |a China   |9 257545 
651 0 |a Perú  |9 256567 
583 |a last modification  |c 20031128 00:00:00  |k Rodrigo Vera 
999 |c 306569  |d 306567 
952 |0 0  |1 0  |4 0  |6 304_885051000000000_ROD_2000  |7 0  |8 A  |9 371675  |a BIBHIS  |b BIBHIS  |d 2019-11-21  |i 3968472  |o 304.885051 ROD 2000  |p 3968472  |r 2025-01-20  |w 2019-11-21  |y BK  |k HIS